000 00677nam a22002177a 4500
999 _c9811
_d9811
003 AR-CdUCM
008 190328b ||||| |||| 00| 0 spa d
020 _a978-84-683-0566-0
040 _aMUNICIPALIDAD PROVINCIAL DEL CUSCO
_cBIBLIOTECA MUNICIPAL DEL CUSCO
041 _hspa
082 _aES / 803
_bN29
100 _aNavarro Durán, Rosa
_925823
245 _aLas fabulosas aventuras del caballero Zifar /
260 _aBarcelona :
_bEdebé,
_c2012.
300 _a194 páginas ;
_bIlustraciones.
_c25 cm.
650 _aLiteratura infantil
_9588
650 _aSiglo XXI
_92856
700 _aRovira, Francesc (ilustraciones)
_926222
942 _2ddc
_cLIBROS
945 _aafb